| 000 | 00457nam a22001697a 4500 | ||
|---|---|---|---|
| 008 | 150601b xxu||||| |||| 00| 0 eng d | ||
| 020 | _a0802415261 | ||
| 041 | 0 | _aeng | |
| 080 | _a33 | ||
| 100 | 1 | _aBurkett, Larry. | |
| 245 | 1 | 4 |
_aThe coming economic earthquake / _cLarry Burkett. |
| 260 |
_aChicago : _bMoody Press, _cc1991. |
||
| 300 |
_a230 f. : _bme il.; _c24 cm. |
||
| 650 | 0 | _aParashikimi në ekonomi | |
| 650 | 0 | _aDeficiti i buxhetit | |
| 942 |
_2udc _cBK |
||
| 999 |
_c936 _d936 |
||